000 01385nam a2200385 c 4500
999 _c196795
_d196795
003 BLK
005 20230621162321.0
008 180411b bul|||||r ||||||| ||bul||
010 _aKNG00206068000
020 _a9789547694231
040 _aBLK
041 _aBUL
_cBUL
072 7 _2bullib
_aН83
_xЧужда художествена литература Н
080 _aАнглийска литература
_b821.111
_x-31
_z821.111-31
100 1 _aХоган, Рут
_eпърви автор
_9347556
139 _aХоган, Рут
245 1 0 _aДом за изгубени неща
_bРоман
_cРут Хоган; прев. Надя Димитрова Баева.
257 _aGBR
260 _bОбсидиан
_c2017
_fВ. Търново : Абагар
300 _a320 с.
_c20 см
380 _aX
500 _aОриг. загл. The Keeper of Lost Things / Ruth Hogan. - За Рут Хоган.
653 _aромани
659 _aН
700 _aБаева, Надя Димитрова
_9383768
852 _aЦб 294148
856 4 _qpdf
856 4 _qpdf
942 _cKNG
_n0
_010
944 _aCR
_c12.05.2017
_lф /
_kВиолета_Тройчева
944 _aED
_c19.05.2017
_lф /
_kЛюдмила_Стоянова
944 _aED
_c2019-03-27
_l2019-03-27
_kПетя Минчева
999 _d196795
999 _d196795